| 000 | 00546nam a22001817a 4500 | ||
|---|---|---|---|
| 008 | 120823t xxu||||| |||| 00| 0 eng d | ||
| 020 | _a007303469x | ||
| 050 | _aRC454.A5 | ||
| 100 | _aAlloy, Lauren B. | ||
| 245 |
_aStudent study guide to accompany abnormal psychology: current perspectives. / _cLauren B. Alloy |
||
| 250 | _a8th ed. | ||
| 260 |
_aBoston: _bMcGraw Hill, _cc1999. |
||
| 300 |
_av, 313 p.: _c27cm. |
||
| 650 | _bStudy guide - Abnormal psycholoogy. | ||
| 700 | _aJacbson, Neil S. | ||
| 700 | _aAcocella, Joan | ||
| 942 |
_2lcc _cBK |
||
| 999 |
_c2132 _d9632 |
||